000 00629nam a2200217 4500
003 OSt
005 20240628075026.0
006 a
008 240628b |||||||| |||| 00| 0 eng d
020 _a9780071289092
040 _aDWCL-Main lib.
_cOC
082 _2Thirteenth edition
_aCirc. 657 An628a 2011
100 _aAnthony, Robert N.
245 _aAccounting : text and case /
250 _aThirteenth edition
260 _aBoston :
_bMcGraw-Hill,
_cc2011.
300 _axxvi,
_b911 p. : ill. ;
_c26 cm.
504 _aIncludes indexes.
650 _a1. Accounting.
942 _2ddc
_n0
_cBK-CIRC
_eThirteenth edition
_kCirc.
999 _c1609
_d1609